Využitie vybraných metód manažérstva kvality vo výrobnom procese vo firme Kreisel, s.r.o.

Saved in:
Bibliographic Details
Main Author: Šišoláková, Nikola (Author)
Other Authors: Hekelová, Edita (Thesis advisor)
Format: Manuscript Book
Language:Slovak
Published: 2022
Subjects:
Online Access:http://is.stuba.sk/zp/portal_zp.pl?podrobnosti=165237
Tags: Add Tag
No Tags, Be the first to tag this record!

MARC

LEADER 00000ntm a22000003a 4500
001 stuzp90941
003 SK-STU
005 20220611214144.9
007 ta
008 150427s2015----xo-----f-mn---000-0-slo-d
040 |a STU  |b slo 
041 0 |a slo 
100 1 |a Šišoláková, Nikola  |u 020070  |k Z4  |4 aut  |U SjF Strojnícka fakulta  |T SjF Ústav výrobných systémov, enviromentálnej techniky a manažment kvality  |X 81749  |U J0070  |Y 804  |7 81749 
242 0 1 |a Application of the selected quality management methods in the Kreisel´s manufacturing process  |y eng 
245 1 0 |a Využitie vybraných metód manažérstva kvality vo výrobnom procese vo firme Kreisel, s.r.o. 
260 |c 2022 
650 4 |a manažérstvo kvality  |2 slo 
650 4 |a metódy manažérstva kvality  |2 slo 
650 4 |a zlepšovanie procesov  |2 slo 
650 4 |a quality management methods  |2 eng 
650 4 |a process improvement  |2 eng 
650 4 |a quality management  |2 eng 
700 1 |a Hekelová, Edita  |u 020070  |k Z8  |4 ths  |U SjF Strojnícka fakulta  |T SjF Ústav výrobných systémov, enviromentálnej techniky a manažment kvality  |X 2429  |U J0070  |Y 804  |7 A000002429 
856 4 |u http://is.stuba.sk/zp/portal_zp.pl?podrobnosti=165237 
996 |b 284J046980  |c J* 3480/DDP  |l JJSK  |s A  |a 24  |w stuzp90941_0001